Impact of Covid-19 pandemic on women informal sector workers: A study of urban slums of Kodambakkam, central Chennai (Record no. 528217)

000 -LEADER
fixed length control field 01649nam a22001577a 4500
008 - FIXED-LENGTH DATA ELEMENTS--GENERAL INFORMATION
fixed length control field 241119b ||||| |||| 00| 0 eng d
100 ## - MAIN ENTRY--PERSONAL NAME
Personal name Amudha, A. and Kalyani, S.
245 ## - TITLE STATEMENT
Title Impact of Covid-19 pandemic on women informal sector workers: A study of urban slums of Kodambakkam, central Chennai
260 ## - PUBLICATION, DISTRIBUTION, ETC. (IMPRINT)
Place of publication, distribution, etc Bihar Journal of Public Administration
300 ## - PHYSICAL DESCRIPTION
Extent 18(1A), Jan-Jun, 2021: p.145-155
520 ## - SUMMARY, ETC.
Summary, etc A sizable of women are engaged in informal sector in world and India has even more i.e. three fourths of them work in informal sectors among which almost half work in home based or domestic natured jobs. With the outbreak of Covid-19 pandemic, these women became vulnerable to both economic and emotional struggles like loss of job, poor treatment at work place, increase in work load etc. added by household burdens. Unemployment has been connected to serious danger of developing depression, anxiety, substance misuse and viciousness. Infact, multiple studies show individuals who lose their jobs are twice as prone to report depression and anxiety when contrasted with individuals who remain steadily employed. This study intends to elicit the economic, psychological and physical problems faced by them during the Covid lockdown through the micro level empirical enquiry in urban slums in Chennai. – Reproduced


http://www.iipabiharbranch.org/upload/Complete%20BJPA%20Vol.%20XVIII%20No.%201A%20(Covid%20special%20issue)%202021.pdf
650 ## - SUBJECT ADDED ENTRY--TOPICAL TERM
Topical term or geographic name as entry element Covid-19, Women workers, Informal sectors, Urban slums, Tamil Nadu.
9 (RLIN) 48971
773 ## - HOST ITEM ENTRY
Main entry heading Bihar Journal of Public Administration
906 ## - LOCAL DATA ELEMENT F, LDF (RLIN)
Subject DIP PANDEMIC
942 ## - ADDED ENTRY ELEMENTS (KOHA)
Item type Articles
Holdings
Withdrawn status Lost status Source of classification or shelving scheme Damaged status Not for loan Permanent location Current location Date acquired Serial Enumeration / chronology Barcode Date last seen Koha item type
          Indian Institute of Public Administration Indian Institute of Public Administration 2024-11-19 18(1A), Jan-Jun, 2021: p.145-155 AR133601 2024-11-19 Articles

Powered by Koha